Normal view
MARC view
- المرأة - تحرش جنسي - الجرائم الجنسية - القوانين والعقوبات
Entry Topical Term
001 - CONTROL NUMBER
- control field: 21349
003 - CONTROL NUMBER IDENTIFIER
- control field: JO-AjAnu
005 - DATE AND TIME OF LATEST TRANSACTION
- control field: 20230606073712.0
008 - FIXED-LENGTH DATA ELEMENTS
- fixed length control field: 230606|| aca||aabn | a|a d
040 ## - CATALOGING SOURCE
- Original cataloging agency: JO-AjAnu
- Transcribing agency: JO-AjAnu
150 ## - HEADING--TOPICAL TERM
- Topical term or geographic name entry element: المرأة - تحرش جنسي - الجرائم الجنسية - القوانين والعقوبات
670 ## - SOURCE DATA FOUND
- Source citation: Work cat.: (JO-AjAnu)10968: خير، رجاء محمد, author 21348, التحرش بالمرأة: دراسة اجتماعية وحلول قانونية